Phụ nữ và hạnh phúc gia đình /
में बचाया:
| मुख्य लेखक: | |
|---|---|
| स्वरूप: | लेख |
| भाषा: | Vietnamese |
| विषय: | |
| टैग : |
टैग जोड़ें
कोई टैग नहीं, इस रिकॉर्ड को टैग करने वाले पहले व्यक्ति बनें!
|
| Thư viện lưu trữ: | Thư viện Trường Đại học Đà Lạt |
|---|
| LEADER | 00646nam a2200253 4500 | ||
|---|---|---|---|
| 001 | DLU090075199 | ||
| 005 | ##20090609 | ||
| 040 | # | # | |a DLU |b vie |
| 041 | # | # | |a vie |
| 044 | # | # | |a vn |
| 100 | # | # | |a Trương Mỹ Hoa. |
| 245 | # | # | |a Phụ nữ và hạnh phúc gia đình / |c Trương Mỹ Hoa. |
| 653 | # | # | |a Gia đình |
| 653 | # | # | |a Hội thảo khoa học |
| 653 | # | # | |a Phụ nữ |
| 773 | # | # | |t Tạp chí Khoa học Xã hội Việt Nam |g Số 13, 1992, tr. 68-69 |
| 994 | # | # | |a DLU |
| 900 | # | # | |a True |
| 911 | # | # | |a Nguyễn Thị Linh Chi |
| 925 | # | # | |a G |
| 926 | # | # | |a A |
| 927 | # | # | |a BB |
| 980 | # | # | |a Thư viện Trường Đại học Đà Lạt |